Analytically Evaluating the Effectiveness of Soil Stabilization with Cement Kiln Dust (Record no. 554411)

000 -LEADER
fixed length control field 00599nam a22001937a 4500
082 ## - DEWEY DECIMAL CLASSIFICATION NUMBER
Classification number P-850
100 ## - MAIN ENTRY--PERSONAL NAME
Personal name Mubarak, Bilal Ahmed
9 (RLIN) 36035
245 ## - TITLE STATEMENT
Title Analytically Evaluating the Effectiveness of Soil Stabilization with Cement Kiln Dust
260 ## - PUBLICATION, DISTRIBUTION, ETC.
Place of publication, distribution, etc. Risalpur,
Name of publisher, distributor, etc. MCE,
Date of publication, distribution, etc. 2020.
300 ## - PHYSICAL DESCRIPTION
Extent 66 pages.;
Dimensions 30 cm.
526 ## - STUDY PROGRAM INFORMATION NOTE
Program name 0
Interest level 0
Reading level 0
Title point value P_850
650 ## - SUBJECT ADDED ENTRY--TOPICAL TERM
Topical term or geographic name entry element Geotech
Topical term following geographic name entry element Syn-13
9 (RLIN) 36036
700 ## - ADDED ENTRY--PERSONAL NAME
Personal name Hamza Shafique
9 (RLIN) 36038
700 ## - ADDED ENTRY--PERSONAL NAME
Personal name Muhammad Zarak Khan
9 (RLIN) 36040
700 ## - ADDED ENTRY--PERSONAL NAME
Personal name Nayar Azam
9 (RLIN) 36039
700 ## - ADDED ENTRY--PERSONAL NAME
Personal name Supervisor Dr Abdul Waheed
9 (RLIN) 36037
700 ## - ADDED ENTRY--PERSONAL NAME
Personal name Zahid Hussain
9 (RLIN) 13333
942 ## - ADDED ENTRY ELEMENTS (KOHA)
Source of classification or shelving scheme
Koha item type Book
Holdings
Withdrawn status Lost status Source of classification or shelving scheme Damaged status Not for loan Permanent Location Current Location Date acquired Total Checkouts Full call number Barcode Date last seen Price effective from Koha item type
          Military College of Engineering (MCE) Military College of Engineering (MCE) 08/31/2020   P-850 MCE-P-850 08/31/2020 08/31/2020 Book
© 2023 Central Library, National University of Sciences and Technology. All Rights Reserved.